Verhandlungstechnik 200 Ratschläge über die Kunst, mit Erfolg zu verhandeln

Salvato in:
Dettagli Bibliografici
Natura: Libro
Lingua:tedesco
Pubblicazione: Stuttgart Verlag für Wirtschaft und Verkehr 1929
Tags: Aggiungi Tag
Nessun Tag, puoi essere il primo ad aggiungerne!!

MARC

LEADER 00000nam a2200000 4500
001 0307691
005 20250318092133.3
041 0 |a ger 
044 |a DE 
245 1 0 |a Verhandlungstechnik  |b 200 Ratschläge über die Kunst, mit Erfolg zu verhandeln  |c Paul Wallfisch-Roulin 
264 1 |a Stuttgart  |b Verlag für Wirtschaft und Verkehr  |c 1929